Somalia History Quiz 2025 - Statistics

General Stats
  • This quiz has been taken 29 times
  • The average score is 8 of 16
Answer Stats
Hint Answer % Correct
Main Religion Islam
92%
Main Language Somali
92%
Main Enemy Ethiopia
75%
Former Part of Italy
75%
Capital Mogadishu
75%
Independent Since 1960
67%
Number of official parties 3
67%
Former Part of UK
67%
Number of Administrative Regions 18
58%
Main Ally Djibouti
54%
Number of Prime Ministers 22
38%
Current President Hassan Sheikh Mohamud
17%
Main Export Livestock
17%
Form of Government Republic
13%
Global Firepower Ranking 142
4%
Currency Shiling Somalia
0%
No matching quizzes found
Score Distribution
Percent of People with Each Score
Percentile by Number Answered
Your Score History
You have not taken this quiz